Normal view
MARC view
- Shane R. Premeaux
Entry Personal Name
001 - CONTROL NUMBER
- control field: 121554
003 - CONTROL NUMBER IDENTIFIER
- control field: NUST
005 - DATE AND TIME OF LATEST TRANSACTION
- control field: 20240227153852.0
008 - FIXED-LENGTH DATA ELEMENTS
- fixed length control field: 240227|| aca||aabn | a|a d
040 ## - CATALOGING SOURCE
- Original cataloging agency: NUST
- Transcribing agency: NUST
100 ## - HEADING--PERSONAL NAME
- Personal name: Shane R. Premeaux
670 ## - SOURCE DATA FOUND
- Source citation: Work cat.: (NUST)347601: Management: , 1993.
